000 00343nam a2200157Ia 4500
008 230711s9999||||xx |||||||||||||| ||und||
041 _aENG
082 _a720
_bPH
100 _aPhaidon Press London
245 0 _a10 * 10
250 _a1st
260 _c2000
_aLondon
_bPhaidon Press
300 _a466
650 _aArchitecture
942 _cBK
999 _c5358
_d5358